| 000 | 00363nam a2200121 4500 | ||
|---|---|---|---|
| 999 |
_c11136 _d11136 |
||
| 008 | 181012b ||||| |||| 00| 0 eng d | ||
| 100 |
_932171 _aPorcalla, Delon |
||
| 245 |
_a'Congress needs to amend old environmental laws'/ _cDelon Porcalla |
||
| 260 |
_aPhilippines _bThe Philippine Star _cc2017 |
||
| 300 | _apage B3. | ||
| 650 | 0 |
_937099 _aLaw. |
|
| 942 |
_2ddc _cPER |
||